South Eastern Kenya University

Library Online Public Access Catalogue


Solvent extraction for the 21st century (Record no. 11436)

MARC details
000 -LEADER
fixed length control field 00554nam a22001817a 4500
003 - CONTROL NUMBER IDENTIFIER
control field OSt
005 - DATE AND TIME OF LATEST TRANSACTION
control field 20160224125224.0
008 - FIXED-LENGTH DATA ELEMENTS--GENERAL INFORMATION
fixed length control field 160224b xxu||||| |||| 00| 0 eng d
020 ## - INTERNATIONAL STANDARD BOOK NUMBER
International Standard Book Number 090100183X
040 ## - CATALOGING SOURCE
Original cataloging agency SEKU
050 ## - LIBRARY OF CONGRESS CALL NUMBER
Classification number TP156
Item number .S65 2001
245 ## - TITLE STATEMENT
Title Solvent extraction for the 21st century
Remainder of title (proceedings of ISEC 99)
Statement of responsibility, etc. edited by Michael Cox,Manuela Hidalgo, Manuel Valiente
260 ## - PUBLICATION, DISTRIBUTION, ETC. (IMPRINT)
Place of publication, distribution, etc. London
Name of publisher, distributor, etc. Page Bros LTD
Date of publication, distribution, etc. 2001
300 ## - PHYSICAL DESCRIPTION
Extent 810p
440 ## - SERIES STATEMENT/ADDED ENTRY--TITLE
Title Where science meets business
500 ## - GENERAL NOTE
General note includes bib. ref. and index.
942 ## - ADDED ENTRY ELEMENTS (KOHA)
Source of classification or shelving scheme Library of Congress Classification
Koha item type General circulation
Holdings
Withdrawn status Lost status Source of classification or shelving scheme Damaged status Not for loan Home library Current library Shelving location Date acquired Source of acquisition Total Checkouts Full call number Barcode Date last seen Price effective from Koha item type
    Library of Congress Classification     Wote Campus Library Wote Campus Library General Stacks 24/02/2016 Donation -books for Africa   TP156 .S65 2001 2016/011556 24/02/2016 24/02/2016 General circulation
Kitui, Kenya.
+254736116989
library@seku.ac.ke